000 00464nam a2200181Ia 4500
005 20250326141433.0
008 250326s9999 xx 000 0 und d
037 _aTextbook
040 _aFMSL
_beng
_cFMSL
041 _aeng
_2eng
084 _qFMSL
100 _aJain S
_9177702
245 0 _aQuality of work life QWL
_cJain S
260 _aNew Delhi
_bNew Delhi, Deep and Deep Pub.
_c1991
300 _a204p
942 _cTB
999 _c1290311
_d1290311